000
00315nam a22001337a 4500
008
190304b xxu||||| |||| 00| 0 eng d
020
_a
9781555810702
041
_a
eng
080
_a
573
100
_a
11
101
_a
BIO
245
_a
Bacterial Pathogenesis a Molecular approach
_c
Salyers,A.A
942
_2
udc
_c
BK
999
_c
54391
_d
54391